Score 0/125 Timer 20:00
0 Plays Today
Character % Correct
Iron Man
96.7%
Hulk
91.8%
Captain America
91%
Black Widow
89.3%
Thor
89.3%
Hawkeye
88.1%
Wolverine
86.1%
Spider Man
84.8%
Cyclops
84%
Mr Fantastic
82.8%
Human Torch
82.4%
Invisible Woman
82.4%
Thing
81.6%
Loki
81.2%
Colossus
78.3%
Iron Fist
78.3%
Magneto
77.9%
Gamora
77.6%
Drax
77.6%
Groot
77.6%
Beast
77.5%
She Hulk
76.2%
Rogue
76.2%
Quicksilver
75.4%
Angel
75.3%
Star Lord
75.3%
Luke Cage
75%
Scarlet Witch
75%
Storm
73.8%
Deadpool
73.4%
Phoenix
72.5%
Spider Woman
72.1%
Dr Strange
71.7%
Iceman
70.6%
Wasp
70.4%
Nightcrawler
70.1%
Sif
70.1%
Cable
70.1%
War Machine
69.7%
Red Hulk
69.4%
Black Bolt
69.4%
Daredevil
69.3%
Character % Correct
Black Panther
69.3%
Gambit
68.9%
Heimdall
68.2%
Hogun
68.2%
Fandral
68.2%
Medusa
68.2%
Volstagg
68.2%
Psylocke
68%
Ms Marvel
67.2%
Emma Frost
66.4%
Punisher
66.4%
Vision
65.9%
Falcon
65.9%
Black Cat
64.8%
Mockingbird
62.3%
Ghost Rider
61.9%
Blade
61.2%
Kitty Pryde
61.1%
Agent
60.7%
Magik
60.7%
Havok
60.3%
Valkyrie
57.8%
X-23
57.8%
Captain Britain
57.6%
Hank Pym
57.6%
Sabretooth
57.6%
Morbius
56.5%
Crystal
56.5%
Tigra
56.1%
Hercules
55.3%
Juggernaut
55.3%
Rocket Racoon
55.3%
Kazar
55.3%
Bishop
54.1%
Gorgon
54.1%
Karnak
54.1%
Black Knight
51.8%
Domino
49.4%
Cannonball
49.4%
Shanna
49.4%
Wonder Man
47.1%
Elektra
45.9%
Character % Correct
Agent Venom
45.9%
Fantomex
44.7%
Ares
43.5%
Doctor Doom
43.5%
Nova
43.5%
Moon Knight
42.4%
Sunfire
42.4%
Union Jack
41.2%
Shatterstar
38.8%
Kang
38.8%
Omega Sentinel
37.6%
Rescue
37.6%
Squirrel Girl
36.5%
Doctor Voodoo
36.5%
Avalanche
36.5%
Moonstone
35.3%
Anti Venom
35.3%
Nico Minoru
34.1%
Molly Hayes
34.1%
Constrictor
32.9%
Satana
32.9%
Thane
31.8%
Spiral
31.8%
Sandman
31.8%
Taskmaster
30.6%
Fixer
30.6%
Hybrid
30.6%
Thundra
27.1%
Daimon Hellstrom
27.1%
Iron Patriot
25.9%
Avengers
14.1%
Guardian
11.8%
Horseman of death
10.6%
Horseman of Famine
10.6%
Horseman of Pestilence
10.6%
Nul
9.4%
Phoenix Five
9.4%
Future Foundation
8.2%
Uncanny X Force
8.2%
Skirn
8.2%
World War
4.7%
Remove Ads.
Support Sporcle.
Get the best of Sporcle when you Go Orange. This ad-free experience offers more features, more stats, and more fun while also helping to support Sporcle. Thank you for becoming a member.

You're not logged in!

Compare scores with friends on all Sporcle quizzes.
OR
Log In

Show Comments

Extras

Top Quizzes Today


Score Distribution

Your Account Isn't Verified!

In order to create a playlist on Sporcle, you need to verify the email address you used during registration. Go to your Sporcle Settings to finish the process.

Report this User

Report this user for behavior that violates our Community Guidelines.

Details: